| 000 | 00953nam a2200289 i 4500 | ||
|---|---|---|---|
| 001 | bg | ||
| 100 | 1 | _aHOTKA, Dan | |
| 245 | 1 | 0 |
_aOracle9i w przykładach / _cDan Hotka ; przekł. z jęz. ang. Ewa Hadała-Mikołajczuk, Krzysztof Głuch, Tomasz Dziembowski. |
| 246 |
_iTyt. oryg.: _aOracle9i development by example |
||
| 260 |
_aWarszawa : _b"Mikom", _c2003. |
||
| 300 |
_a589 s. : _bil. ; _c24 cm. |
||
| 500 | _aTyt. oryg.: "Oracle9i development by example" 2002. | ||
| 504 | _aIndeks. | ||
| 650 | 9 | _aOracle | |
| 655 | _aPodręczniki | ||
| 700 | 1 |
_aHADAŁA-Mikołajczuk, Ewa. _eTł. |
|
| 700 | 1 |
_aGŁUCH, Krzysztof. _eTł. |
|
| 700 | 1 |
_aDZIEMBOWSKI, Tomasz. _eTł. |
|
| 020 | _a8372792984 | ||
| 040 | _cBPK | ||
| 041 | 1 |
_apol _heng |
|
| 080 | _a004.42:004.65](07) | ||
| 920 | _a83-7279-298-4 | ||
| 942 | _cKS | ||
| 008 | s pl f |000 0 pol | ||
| 999 |
_c43347 _d43347 |
||
| 856 |
_uhttp://koha.tu.koszalin.pl/cgi-bin/koha/opac-detail.pl?biblionumber=43347 _yKatalog online BPK |
||